00571nam a2200241Ia 450000500170000000800460001702000150006303700070007804000080008504000080009304000080010104100080010904100080011708400120012508400080013710000200014524500810016524500200024626000140026626000310028026000090031130000090032020260401122137.0008 250103s9999 xx 000 0 eng d a074861818X aTB aEDL beng cEDL 2eng aeng a194 WIL qEDL aWilliams, James 0aGilles Deleuze's Difference and Repetition: Critical Introduction and Guide 0cWilliams, James aEdinburgh bEdinburgh University Press c2003 a216p